[Event "Managua Hurtado Memorial 22nd"]
[Site "Managua"]
[Date "2022.12.30"]
[Round "8"]
[White "Gutierrez, Oscar"]
[Black "Allen Montes, Charles Mijail"]
[Result "1-0"]
[WhiteElo "1901"]
[BlackElo "1451"]
[PlyCount "87"]
[EventDate "2022.12.26"]
[EventType "swiss"]
[EventRounds "9"]
[EventCountry "NCA"]
[SourceTitle "CBM 212 Extra"]
[Source "ChessBase"]
[SourceDate "2023.03.31"]
[SourceVersion "1"]
[SourceVersionDate "2023.03.31"]
[SourceQuality "1"]

1. e4 d5 2. exd5 Nf6 3. d4 Nxd5 4. c4 Nf6 5. Nf3 Bg4 6. Be2 e6 7. 0-0 Be7 8. Nc3 0-0 9. h3 Bh5 10. Bf4 c6 11. a3 Nbd7 12. b4 a6 13. Rb1 Nb6 14. g4 Bg6 15. Rb2 Ne4 16. Rb3 Rc8 17. Be3 Qc7 18. Ne5 Nxc3 19. Rxc3 Be4 20. f3 Bg6 21. Bf4 Qd8 22. Qd2 Nd7 23. Nxg6 hxg6 24. Rd1 Nf6 25. Rd3 Bd6 26. Be3 Bb8 27. Bf1 Qd6 28. Bg2 Nd7 29. f4 Qc7 30. Rc1 Ba7 31. Qf2 Qb8 32. a4 b5 33. axb5 cxb5 34. c5 Nb6 35. cxb6 Rxc1+ 36. Bxc1 Bxb6 37. Be3 Qd6 38. Qb2 Rc8 39. Rc3 Rb8 40. Rc6 Qd8 41. Kh2 Qf6 42. Qc3 Kh7 43. Rxb6 Rxb6 44. Qc7 1-0

[Event "NCA-ch final"]
[Site "Managua"]
[Date "2022.03.12"]
[Round "9"]
[White "Gutierrez, Oscar"]
[Black "Ortiz, Marcos"]
[Result "0-1"]
[WhiteElo "1932"]
[BlackElo "2258"]
[PlyCount "96"]
[EventDate "2022.03.05"]
[EventType "tourn"]
[EventRounds "11"]
[EventCountry "NCA"]
[SourceTitle "EXT 2023"]
[Source "ChessBase"]
[SourceDate "2022.10.05"]
[SourceVersion "1"]
[SourceVersionDate "2022.10.05"]
[SourceQuality "1"]

1. Nf3 d5 2. d4 Nf6 3. g3 c5 4. e3 Nc6 5. Bg2 g6 6. 0-0 Bg7 7. b3 Ne4 8. Bb2 Bg4 9. h3 Bxf3 10. Bxf3 e5 11. dxc5 f5 12. a3 0-0 13. Bg2 Qd7 14. Nc3 Nxc3 15. Bxc3 Rad8 16. Qd2 d4 17. Rad1 e4 18. exd4 Bxd4 19. Bxd4 Qxd4 20. Qe3 Qb2 21. b4 Qxc2 22. Rc1 Qd2 23. Qb3+ Kg7 24. Rfd1 Qg5 25. b5 Nd4 26. Qc4 Qf6 27. c6 bxc6 28. bxc6 Nxc6 29. Rxd8 Nxd8 30. Rd1 Rf7 31. Qc8 Nc6 32. Bf1 Ne5 33. Rd8 f4 34. Rg8+ Kh6 35. Qd8 fxg3 36. Qxf6 Rxf6 37. fxg3 Rf3 38. Re8 Rxg3+ 39. Kh2 Rg5 40. Be2 Nf3+ 41. Bxf3 exf3 42. Re3 f2 43. Rf3 Rf5 44. Rxf5 gxf5 45. Kg2 Kg5 46. Kxf2 Kf4 47. a4 a5 48. h4 h5 0-1

[Event "NCA-ch final"]
[Site "Managua"]
[Date "2022.03.11"]
[Round "8"]
[White "Espinoza Solano, Jose Nahum"]
[Black "Gutierrez, Oscar"]
[Result "1-0"]
[WhiteElo "2071"]
[BlackElo "1932"]
[PlyCount "97"]
[EventDate "2022.03.05"]
[EventType "tourn"]
[EventRounds "11"]
[EventCountry "NCA"]
[SourceTitle "EXT 2023"]
[Source "ChessBase"]
[SourceDate "2022.10.05"]
[SourceVersion "1"]
[SourceVersionDate "2022.10.05"]
[SourceQuality "1"]

1. e4 Nf6 2. e5 Nd5 3. c4 Nb6 4. Nc3 d6 5. exd6 exd6 6. d4 Be7 7. Bd3 0-0 8. Nge2 Bg4 9. h3 Bh5 10. b3 c5 11. Be3 Nc6 12. g4 Bg6 13. Bxg6 hxg6 14. 0-0 f5 15. dxc5 dxc5 16. Qxd8 Raxd8 17. Nf4 g5 18. Ne6 f4 19. Bxc5 Bxc5 20. Nxc5 Rfe8 21. Rad1 Rxd1 22. Rxd1 Nd8 23. N3e4 Nf7 24. f3 Re7 25. Kf2 Kh7 26. a4 a5 27. Nd6 Nxd6 28. Rxd6 Nc8 29. Rd8 Na7 30. Ne4 Nc6 31. Rd6 Re5 32. Rd7 Re7 33. Nxg5+ Kh6 34. Rxe7 Nxe7 35. h4 Nc6 36. Ne6 Kh7 37. Ke2 Kg8 38. Kd3 Kf7 39. Nxf4 g6 40. Ke4 Nb4 41. Nd3 Nc2 42. Nc5 b6 43. Nd7 Na1 44. Nxb6 Nxb3 45. Kd5 Ke7 46. c5 Kd8 47. c6 Kc7 48. Na8+ Kc8 49. Kd6 1-0

[Event "NCA-ch final"]
[Site "Managua"]
[Date "2022.03.10"]
[Round "7"]
[White "Gutierrez, Oscar"]
[Black "Alfaro Caracas, William"]
[Result "0-1"]
[WhiteElo "1932"]
[BlackElo "2112"]
[PlyCount "64"]
[EventDate "2022.03.05"]
[EventType "tourn"]
[EventRounds "11"]
[EventCountry "NCA"]
[SourceTitle "EXT 2023"]
[Source "ChessBase"]
[SourceDate "2022.10.05"]
[SourceVersion "1"]
[SourceVersionDate "2022.10.05"]
[SourceQuality "1"]

1. d4 Nf6 2. e3 g6 3. Bd3 Bg7 4. f4 0-0 5. Nf3 c5 6. 0-0 cxd4 7. exd4 Nc6 8. c3 d6 9. Na3 a6 10. h3 b5 11. Nc2 Bb7 12. a4 Qb6 13. Qe2 b4 14. Kh1 bxc3 15. bxc3 e5 16. fxe5 Nh5 17. Qe1 dxe5 18. d5 Ne7 19. Ba3 Nxd5 20. Bxf8 Rxf8 21. Rb1 Qc7 22. Be4 f5 23. Bxd5+ Bxd5 24. Ne3 Bc6 25. Ng5 Qe7 26. h4 f4 27. Rb6 Ng3+ 28. Kh2 Qc7 29. Qb1 h6 30. Qb3+ Kh8 31. Ne6 Qe7 32. Nxf8 Qxh4+ 0-1

[Event "Managua Hurtado Memorial op"]
[Site "Managua"]
[Date "2021.12.30"]
[Round "8"]
[White "Gutierrez, Oscar"]
[Black "Salazar Cabezas, Alberto Javier"]
[Result "0-1"]
[WhiteElo "1906"]
[BlackElo "2143"]
[PlyCount "46"]
[EventDate "2021.12.26"]
[EventType "swiss"]
[EventRounds "9"]
[EventCountry "NCA"]
[SourceTitle "CBM 206 Extra"]
[Source "ChessBase"]
[SourceDate "2022.03.31"]
[SourceVersion "1"]
[SourceVersionDate "2022.03.31"]
[SourceQuality "1"]

1. d4 Nf6 2. e3 g6 3. f4 Bg7 4. Bd3 0-0 5. Nf3 c5 6. c4 cxd4 7. exd4 d5 8. cxd5 Nxd5 9. Nc3 Nc6 10. Qb3 Be6 11. Qxb7 Ndb4 12. Qb5 Rb8 13. Qa4 Nxd3+ 14. Ke2 Nxc1+ 15. Raxc1 Nxd4+ 16. Nxd4 Qxd4 17. Qxd4 Bxd4 18. b3 Bg4+ 19. Kd3 Rfd8 20. h3 Bb6+ 21. Kc2 Bf5+ 22. Kb2 Rd2+ 23. Ka3 Bc5+ 0-1

[Event "Managua Hurtado Memorial op"]
[Site "Managua"]
[Date "2021.12.26"]
[Round "1"]
[White "Gutierrez, Oscar"]
[Black "Monge Lopez, Jairo Humberto"]
[Result "1-0"]
[WhiteElo "1906"]
[BlackElo "1581"]
[PlyCount "60"]
[EventDate "2021.12.26"]
[EventType "swiss"]
[EventRounds "9"]
[EventCountry "NCA"]
[SourceTitle "CBM 206 Extra"]
[Source "ChessBase"]
[SourceDate "2022.03.31"]
[SourceVersion "1"]
[SourceVersionDate "2022.03.31"]
[SourceQuality "1"]

1. d4 Nf6 2. Bf4 e6 3. e3 Be7 4. Nf3 c6 5. Nbd2 d5 6. Bd3 Nbd7 7. Ne5 Nf8 8. g4 Ng6 9. Bg3 Nxe5 10. dxe5 Nd7 11. h4 Nc5 12. Qe2 Qb6 13. b3 Nxd3+ 14. Qxd3 Bd7 15. 0-0 0-0-0 16. c4 f5 17. gxf5 exf5 18. cxd5 cxd5 19. Rac1+ Bc6 20. Nf3 g6 21. Nd4 Kb8 22. h5 g5 23. Rc2 Ka8 24. Rfc1 Bd7 25. e6 Bd6 26. Bxd6 Qxd6 27. exd7 Qxd7 28. Rc7 Qd6 29. Qb5 Qa6 30. Qxa6 bxa6 1-0

[Event "NCA-chT final"]
[Site "Managua"]
[Date "2021.11.14"]
[Round "11.4"]
[White "Gutierrez, Oscar"]
[Black "Ibarra Lopez, Cecilia"]
[Result "1-0"]
[WhiteElo "1903"]
[BlackElo "1246"]
[PlyCount "67"]
[EventDate "2021.10.16"]
[EventType "team-tourn"]
[EventRounds "11"]
[EventCountry "NCA"]
[SourceTitle "EXT 2023"]
[Source "ChessBase"]
[SourceDate "2022.10.05"]
[SourceVersion "1"]
[SourceVersionDate "2022.10.05"]
[SourceQuality "1"]
[WhiteTeam "Clemente Guido"]
[BlackTeam "Surnrise CC"]
[WhiteTeamCountry "NCA"]
[BlackTeamCountry "NCA"]

1. e4 e5 2. Nc3 Nf6 3. g3 Bb4 4. Bg2 0-0 5. Nge2 Nc6 6. 0-0 d6 7. h3 Be6 8. Kh2 Qd7 9. f4 Ne8 10. d3 f5 11. exf5 Bxf5 12. g4 Bg6 13. f5 Bf7 14. Nd5 Bxd5 15. Bxd5+ Kh8 16. Ng3 Nf6 17. Be6 Qe7 18. g5 Ng8 19. Qh5 Nd4 20. Bxg8 Kxg8 21. c3 Nc2 22. Rb1 Bc5 23. Qe2 Nd4 24. cxd4 Bxd4 25. Be3 Bxe3 26. Qxe3 b6 27. Rf2 Rae8 28. Rbf1 Qf7 29. a3 c5 30. h4 Qd7 31. h5 d5 32. Qf3 Qd8 33. Qg4 Qd6 34. f6 1-0

[Event "NCA-ch op"]
[Site "Managua"]
[Date "2021.09.12"]
[Round "8"]
[White "Castillo, Rommel"]
[Black "Gutierrez, Oscar"]
[Result "1/2-1/2"]
[WhiteElo "1899"]
[BlackElo "1848"]
[PlyCount "30"]
[EventDate "2021.08.28"]
[EventType "swiss"]
[EventRounds "9"]
[EventCountry "NCA"]
[SourceTitle "EXT 2023"]
[Source "ChessBase"]
[SourceDate "2022.10.05"]
[SourceVersion "1"]
[SourceVersionDate "2022.10.05"]
[SourceQuality "1"]

1. c4 g6 2. Nc3 Bg7 3. g3 d6 4. Bg2 e5 5. d3 f5 6. e3 Nf6 7. Nge2 0-0 8. b3 Nc6 9. Bb2 g5 10. h4 g4 11. d4 Qe8 12. Nb5 Qd8 13. Nbc3 Qe8 14. Nb5 Qd8 15. Nbc3 Qe8 1/2-1/2

[Event "NCA-ch op"]
[Site "Managua"]
[Date "2021.09.12"]
[Round "9"]
[White "Gutierrez, Oscar"]
[Black "Espinoza, Felix"]
[Result "1/2-1/2"]
[WhiteElo "1848"]
[BlackElo "2133"]
[PlyCount "106"]
[EventDate "2021.08.28"]
[EventType "swiss"]
[EventRounds "9"]
[EventCountry "NCA"]
[SourceTitle "EXT 2023"]
[Source "ChessBase"]
[SourceDate "2022.10.05"]
[SourceVersion "1"]
[SourceVersionDate "2022.10.05"]
[SourceQuality "1"]

1. Nf3 Nf6 2. d4 g6 3. b3 Bg7 4. Bb2 0-0 5. g3 d6 6. Bg2 c6 7. 0-0 Bf5 8. c4 Qd7 9. Re1 Bh3 10. Bh1 h6 11. Nc3 Na6 12. a3 c5 13. d5 Nc7 14. e4 b5 15. Nd2 Ng4 16. Nf3 Rab8 17. Qc2 bxc4 18. bxc4 e6 19. Rab1 f5 20. dxe6 Nxe6 21. Nd5 Rxb2 22. Rxb2 Nd4 23. Nxd4 Bxd4 24. Re2 Bxb2 25. Qxb2 Ne5 26. f4 fxe4 27. Bxe4 Qg7 28. Ne3 Nd7 29. Bd5+ Kh8 30. Qxg7+ Kxg7 31. Nd1 Rb8 32. Nc3 Nf6 33. Re7+ Kh8 34. Bb7 Ng8 35. Rc7 Re8 36. Ne4 Rd8 37. Bd5 a5 38. Rc6 Rb8 39. Rxd6 Rb1+ 40. Kf2 Rb2+ 41. Ke3 Ne7 42. Rd8+ Kg7 43. Nxc5 Ra2 44. Kd4 Rxa3 45. Re8 Nf5+ 46. Ke5 Re3+ 47. Ne4 Bg2 48. Ra8 Ne7 49. Ra7 Kf8 50. Ra8+ Kg7 51. Ra7 Kf8 52. Ra8+ Kg7 53. Ra7 Kf8 1/2-1/2

[Event "Managua Ramirez de Arellano Memorial"]
[Site "Managua"]
[Date "2021.07.18"]
[Round "5"]
[White "Martinez, Manuel Alfonzo"]
[Black "Gutierrez, Oscar"]
[Result "0-1"]
[WhiteElo "1570"]
[BlackElo "1848"]
[PlyCount "60"]
[EventDate "2021.07.10"]
[EventType "swiss"]
[EventRounds "9"]
[EventCountry "NCA"]
[SourceTitle "EXT 2023"]
[Source "ChessBase"]
[SourceDate "2022.10.05"]
[SourceVersion "1"]
[SourceVersionDate "2022.10.05"]
[SourceQuality "1"]

1. e4 c5 2. Nf3 Nc6 3. d4 cxd4 4. Nxd4 e5 5. Nb5 d6 6. N1c3 a6 7. Na3 b5 8. Nd5 Nf6 9. f3 Be6 10. Be3 Bxd5 11. exd5 Nb8 12. c4 bxc4 13. Nxc4 Nbd7 14. Rc1 Be7 15. Be2 0-0 16. 0-0 h6 17. Qd2 Re8 18. Na5 Nf8 19. Nc6 Qd7 20. Bb6 Qb7 21. Qa5 Nxd5 22. Nxe7+ Rxe7 23. Bf2 Nf4 24. Bc4 d5 25. Bc5 dxc4 26. Bxe7 Qxe7 27. Rxc4 Qa7+ 28. Kh1 N8g6 29. Rfc1 Ne2 30. Rd1 Ngf4 0-1

[Event "NCA-chT Final"]
[Site "Managua"]
[Date "2020.10.25"]
[Round "4.1"]
[White "Alfaro Caracas, William"]
[Black "Gutierrez, Oscar"]
[Result "0-1"]
[WhiteElo "2135"]
[BlackElo "1877"]
[PlyCount "48"]
[EventDate "2020.10.24"]
[EventType "team-tourn"]
[EventRounds "11"]
[EventCountry "NCA"]
[SourceTitle "EXT 2022"]
[Source "ChessBase"]
[SourceDate "2021.10.06"]
[SourceVersion "1"]
[SourceVersionDate "2021.10.06"]
[SourceQuality "1"]

1. d4 f5 2. c4 Nf6 3. Nf3 e6 4. g3 g6 5. Bg2 Bg7 6. 0-0 d6 7. Nc3 0-0 8. Qc2 Qe8 9. e4 e5 10. dxe5 dxe5 11. exf5 gxf5 12. Re1 Nc6 13. Nd5 e4 14. Ng5 Nd4 15. Qd1 Nxd5 16. cxd5 h6 17. Nh3 Qd8 18. Nf4 c6 19. dxc6 bxc6 20. Be3 c5 21. Rc1 Qd6 22. Nd3 exd3 23. Bxd4 Qxd4 24. Bxa8 d2 0-1

[Event "NCA-chT 1st Stage"]
[Site "Managua"]
[Date "2020.10.11"]
[Round "9.9"]
[White "Gutierrez, Oscar"]
[Black "Lopez, Manuel2"]
[Result "1/2-1/2"]
[WhiteElo "1877"]
[BlackElo "1440"]
[PlyCount "28"]
[EventDate "2020.10.03"]
[EventType "team-swiss"]
[EventRounds "9"]
[EventCountry "NCA"]
[SourceTitle "EXT 2022"]
[Source "ChessBase"]
[SourceDate "2021.10.06"]
[SourceVersion "1"]
[SourceVersionDate "2021.10.06"]
[SourceQuality "1"]

1. d4 Nf6 2. Bf4 e6 3. e3 d5 4. Nf3 Bd6 5. Bg3 Qe7 6. Ne5 Nc6 7. Nd2 Nd7 8. Bb5 Bxe5 9. dxe5 a6 10. Bxc6 bxc6 11. c3 0-0 12. f4 Rb8 13. b3 Nc5 14. Kf2 a5 1/2-1/2

[Event "NCA-chT 1st Stage"]
[Site "Managua"]
[Date "2020.10.10"]
[Round "5.13"]
[White "Bolanos Garcia, Heidi Paola"]
[Black "Gutierrez, Oscar"]
[Result "0-1"]
[WhiteElo "1300"]
[BlackElo "1877"]
[PlyCount "42"]
[EventDate "2020.10.03"]
[EventType "team-swiss"]
[EventRounds "9"]
[EventCountry "NCA"]
[SourceTitle "EXT 2022"]
[Source "ChessBase"]
[SourceDate "2021.10.06"]
[SourceVersion "1"]
[SourceVersionDate "2021.10.06"]
[SourceQuality "1"]

1. e4 e6 2. d3 g6 3. Nf3 Bg7 4. g3 c5 5. Bg2 Ne7 6. 0-0 0-0 7. Re1 d6 8. c3 Nbc6 9. d4 cxd4 10. cxd4 d5 11. e5 h6 12. Nbd2 a5 13. Nf1 b5 14. h4 Qb6 15. Bf4 Kh7 16. Qd2 Bb7 17. Rac1 a4 18. Bh3 Qa6 19. h5 g5 20. Bxg5 hxg5 21. Nxg5+ Kh8 0-1

[Event "NCA-chT 1st Stage"]
[Site "Managua"]
[Date "2020.10.04"]
[Round "2.1"]
[White "Ortiz, Marcos"]
[Black "Gutierrez, Oscar"]
[Result "1-0"]
[WhiteElo "2191"]
[BlackElo "1877"]
[PlyCount "105"]
[EventDate "2020.10.03"]
[EventType "team-swiss"]
[EventRounds "9"]
[EventCountry "NCA"]
[SourceTitle "EXT 2022"]
[Source "ChessBase"]
[SourceDate "2021.10.06"]
[SourceVersion "1"]
[SourceVersionDate "2021.10.06"]
[SourceQuality "1"]

1. e4 e6 2. d4 d5 3. Nc3 Nf6 4. e5 Nfd7 5. f4 c5 6. Nf3 Nc6 7. Be3 Qb6 8. Na4 Qa5+ 9. c3 c4 10. b4 Qc7 11. Be2 b5 12. Nc5 Bxc5 13. dxc5 a5 14. a3 axb4 15. axb4 Rxa1 16. Qxa1 f6 17. 0-0 0-0 18. exf6 Nxf6 19. Nd4 Qb7 20. Nxc6 Qxc6 21. Bd4 Bb7 22. Qe1 Ne4 23. Bg4 Bc8 24. Bh3 e5 25. fxe5 Rxf1+ 26. Qxf1 Bxh3 27. gxh3 Qe6 28. Qf4 h5 29. h4 Qg6+ 30. Kf1 Qa6 31. Qf5 g6 32. Qd7 Qa1+ 33. Kg2 Qe1 34. Qxd5+ Kh7 35. Qf7+ Kh6 36. Qf4+ Kh7 37. c6 Qe2+ 38. Kh1 Nd2 39. Qf7+ Kh6 40. Qf8+ Kh7 41. Qf7+ Kh6 42. Qf2 Qe4+ 43. Qg2 Nf3 44. c7 Qe1+ 45. Bg1 Nxg1 46. Qg5+ Kh7 47. Qe7+ Kh6 48. Qf8+ Kh7 49. Kg2 Ne2 50. Qf7+ Kh6 51. Qf2 Qd2 52. c8Q Nf4+ 53. Kf3 1-0

[Event "NCA-ch Fiestas Patrias op"]
[Site "Managua"]
[Date "2020.09.06"]
[Round "7"]
[White "Gutierrez, Oscar"]
[Black "Espinoza Solano, Jose Nahum"]
[Result "0-1"]
[WhiteElo "1854"]
[BlackElo "2082"]
[PlyCount "36"]
[EventDate "2020.08.29"]
[EventType "swiss"]
[EventRounds "9"]
[EventCountry "NCA"]
[SourceTitle "EXT 2022"]
[Source "ChessBase"]
[SourceDate "2021.10.06"]
[SourceVersion "1"]
[SourceVersionDate "2021.10.06"]
[SourceQuality "1"]

1. d4 Nf6 2. Nf3 g6 3. b3 Bg7 4. Bb2 d6 5. g3 0-0 6. Bg2 Nbd7 7. 0-0 c5 8. e3 Rb8 9. c4 a6 10. Nc3 b5 11. Qc2 bxc4 12. bxc4 Nb6 13. Nd2 cxd4 14. exd4 Qc7 15. Rac1 Bf5 16. Nce4 Rfc8 17. Qd3 Qd7 18. Ba3 Qa4 0-1

[Event "NCA-ch Fiestas Patrias op"]
[Site "Managua"]
[Date "2020.09.05"]
[Round "6"]
[White "Arevalo Lopez, Josue"]
[Black "Gutierrez, Oscar"]
[Result "0-1"]
[WhiteElo "2024"]
[BlackElo "1854"]
[PlyCount "81"]
[EventDate "2020.08.29"]
[EventType "swiss"]
[EventRounds "9"]
[EventCountry "NCA"]
[SourceTitle "EXT 2022"]
[Source "ChessBase"]
[SourceDate "2021.10.06"]
[SourceVersion "1"]
[SourceVersionDate "2021.10.06"]
[SourceQuality "1"]

1. d4 Nf6 2. c4 c5 3. Nf3 e6 4. g3 b6 5. Bg2 Bb7 6. d5 d6 7. 0-0 e5 8. Nc3 Be7 9. Qc2 a6 10. a4 0-0 11. Nh4 Re8 12. Nf5 Bf8 13. Bg5 Bc8 14. Ne3 h6 15. Bxf6 Qxf6 16. a5 Qd8 17. axb6 Qxb6 18. Ra3 Nd7 19. Rb3 Qc7 20. Ra1 g6 21. g4 Bg7 22. Be4 Nf6 23. f3 Nxe4 24. Nxe4 Rf8 25. Ng3 Rb8 26. h4 Rxb3 27. Qxb3 Qe7 28. h5 f5 29. hxg6 f4 30. Nef5 Bxf5 31. Nxf5 Qg5 32. Qd3 h5 33. Nxg7 Kxg7 34. Rxa6 hxg4 35. Ra7+ Kg8 36. Kf1 g3 37. g7 Re8 38. Qd1 Qh4 39. Ke1 Qh1+ 40. Kd2 Qxd1+ 41. Kxd1 0-1

[Event "Managua Ramirez de Arellano Memorial"]
[Site "Managua"]
[Date "2020.07.26"]
[Round "9"]
[White "Gutierrez, Oscar"]
[Black "Castillo, Rommel"]
[Result "1/2-1/2"]
[WhiteElo "1853"]
[BlackElo "1901"]
[PlyCount "59"]
[EventDate "2020.07.11"]
[EventType "swiss"]
[EventRounds "9"]
[EventCountry "NCA"]
[SourceTitle "EXT 2021"]
[Source "ChessBase"]
[SourceDate "2020.10.23"]
[SourceVersion "1"]
[SourceVersionDate "2020.10.23"]
[SourceQuality "1"]

1. e4 g6 2. d4 Bg7 3. Be3 d6 4. c4 Nc6 5. Nc3 Nf6 6. f3 e5 7. d5 Ne7 8. Qd2 h5 9. Bd3 c5 10. dxc6 bxc6 11. 0-0-0 Be6 12. Be2 d5 13. cxd5 cxd5 14. Bb5+ Kf8 15. exd5 Nexd5 16. Bg5 Rc8 17. Nge2 Qb6 18. Kb1 Rxc3 19. Nxc3 Nxc3+ 20. Qxc3 Qxb5 21. Rd8+ Ne8 22. Qa3+ Kg8 23. Qe7 Kh7 24. Qxa7 e4 25. Bc1 exf3 26. gxf3 Qf5+ 27. Ka1 Nf6 28. Rxh8+ Bxh8 29. Re1 Nd5 30. Qb7 1/2-1/2

[Event "Managua Ramirez de Arellano Memorial"]
[Site "Managua"]
[Date "2020.07.25"]
[Round "7"]
[White "Gaitan Rivas, Norlan Miguel"]
[Black "Gutierrez, Oscar"]
[Result "0-1"]
[WhiteElo "1556"]
[BlackElo "1853"]
[PlyCount "108"]
[EventDate "2020.07.11"]
[EventType "swiss"]
[EventRounds "9"]
[EventCountry "NCA"]
[SourceTitle "EXT 2021"]
[Source "ChessBase"]
[SourceDate "2020.10.23"]
[SourceVersion "1"]
[SourceVersionDate "2020.10.23"]
[SourceQuality "1"]

1. e4 c5 2. Nc3 Nc6 3. g3 g6 4. Bg2 Bg7 5. d3 e6 6. f4 Nge7 7. Nf3 0-0 8. 0-0 d5 9. e5 f6 10. Re1 fxe5 11. Nxe5 Nxe5 12. fxe5 a6 13. Qg4 Qc7 14. Bg5 Nc6 15. Bf6 Nxe5 16. Bxe5 Bxe5 17. Nd1 Qd6 18. c3 Bg7 19. Nf2 e5 20. Qe2 Bd7 21. Rad1 Rae8 22. Rf1 b5 23. h3 Bc6 24. Qd2 h5 25. Kh1 Kh7 26. g4 Rf4 27. gxh5 gxh5 28. Qe2 Qh6 29. a3 Kh8 30. Rg1 e4 31. dxe4 dxe4 32. Rdf1 Bd5 33. Qe3 Ref8 34. Nd1 Ba8 35. Rxf4 Qxf4 36. Qxf4 Rxf4 37. Ne3 Bh6 38. Re1 Rf2 39. Nd1 Rd2 40. Kg1 Bd5 41. Kh1 Bg5 42. Ne3 Be6 43. Nd1 Bf5 44. Ne3 Bg6 45. Nd1 Kg7 46. Kg1 Bh4 47. Rf1 Bg3 48. Ne3 h4 49. b4 cxb4 50. axb4 Rd3 51. Nf5+ Bxf5 52. Rxf5 e3 53. Be4 e2 54. Rg5+ Kf6 0-1

[Event "Managua Gomez Argenal Memorial"]
[Site "Managua"]
[Date "2020.06.14"]
[Round "5"]
[White "Gutierrez, Oscar"]
[Black "Berrios Vanegas, Yanko Antonio"]
[Result "1-0"]
[WhiteElo "1893"]
[BlackElo "1462"]
[PlyCount "67"]
[EventDate "2020.06.06"]
[EventType "swiss"]
[EventRounds "9"]
[EventCountry "NCA"]
[SourceTitle "CBM 197 Extra"]
[Source "ChessBase"]
[SourceDate "2020.09.30"]
[SourceVersion "1"]
[SourceVersionDate "2020.09.30"]
[SourceQuality "1"]

1. d4 d6 2. c4 Nf6 3. Nc3 c6 4. e4 e6 5. f4 Be7 6. Nf3 0-0 7. Bd3 Bd7 8. 0-0 Na6 9. a3 Nc7 10. Kh1 a6 11. e5 Nfe8 12. Ne4 d5 13. Neg5 g6 14. c5 Kg7 15. Be3 Rb8 16. Qe1 b6 17. b4 bxc5 18. dxc5 f6 19. exf6+ Bxf6 20. Bd4 Bxd4 21. Nxd4 Qf6 22. Qe3 h6 23. Rae1 hxg5 24. fxg5 Qe7 25. Qe5+ Kh7 26. Rf3 Qg7 27. Rf6 Nxf6 28. gxf6 Qf7 29. Nf3 Kg8 30. Ng5 Rbc8 31. Nxf7 Kxf7 32. Qd6 Be8 33. Qe7+ Kg8 34. Qg7# 1-0